000 01139nam a2200241Ia 4500
003 Ost
005 20260416102352.0
008 260416s9999||||xx |||||||||||||| ||und||
040 _cfsecg
041 _aara
082 _a301
100 _aرزقي، نوال
_eمؤلف
245 0 _aمدخل إلى علم الإجتماع /
_c نوال رزقي
260 _aالجزائر
_bجامعة الجزائر3: كلية العلوم الإقتصادية، العلوم التجارية وعلوم التسيير
_c2016
300 _a109 ورقة
_bايضاحات
_c30 سم
504 _aمراجع ص.106
520 _aعلم الاجتماع علم مستقل بداته، تطور المجتمع من بداوة الى قرية فمدينة، رواد علم الاجتماع، مفاهيم أساسية في علم الاجتماع
653 _aالاجتماع- علم
653 _aالعلوم الاجتماعية
653 _aالمجتمع
710 _aجامعة الجزائر3: كلية العلوم الإقتصادية، العلوم التجارية وعلوم التسيير
_eناشر علمي
942 _cHANDOUT
999 _c41028
_d41028